000 00432cam a2200181ua 4500
001 3419
008 111111n ii |||gr||||Z||||||asm
040 _cMAIN
082 _a891.4514
100 _aSaikia, Nagen,
_eAuthor.
245 1 1 _aMita bhash
_cby Nagen Saikia
250 _a1st.
260 _aGuwahati:
_bAsraya Prakashan,995.
300 _a127p:
_c23cm.
653 _aAssamese literature
653 _aMita bhash
942 _cBK
999 _c3263
_d3263